Indicazione metodologiche per l'Opera Omnia di Don Giacomo Alberione. (Record n. 37637)

Dettagli MARC
000 -LEADER
fixed length control field 00533nam a22001817a 4500
003 - CONTROL NUMBER IDENTIFIER
control field IT-RoPau
005 - DATE AND TIME OF LATEST TRANSACTION
control field 20220918175936.0
008 - FIXED-LENGTH DATA ELEMENTS--GENERAL INFORMATION
fixed length control field 121211b xxu||||| |||| 00| 0 eng d
040 ## - CATALOGING SOURCE
Transcribing agency IT-RoPau
100 ## - MAIN ENTRY--PERSONAL NAME
Fuller form of name Giovannini Luigi
9 (RLIN) 19
245 ## - TITLE STATEMENT
Title Indicazione metodologiche per l'Opera Omnia di Don Giacomo Alberione.
250 ## - EDITION STATEMENT
Edition statement I
260 ## - PUBLICATION, DISTRIBUTION, ETC. (IMPRINT)
Place of publication, distribution, etc. Roma
Name of publisher, distributor, etc. Casa Generalizia
Date of publication, distribution, etc. 1982
300 ## - PHYSICAL DESCRIPTION
Extent 8 p.
Dimensions 22 cm
490 ## - SERIES STATEMENT
Series statement Opera Omnia
Volume/sequential designation I
500 ## - GENERAL NOTE
General note Indicazioni generali per l' Opera Omnia di Don Giacomo Alberione
942 ## - ADDED ENTRY ELEMENTS (KOHA)
Source of classification or shelving scheme Dewey Decimal Classification
Koha item type LIBRO
Dati di copia
Withdrawn status Lost status Source of classification or shelving scheme Damaged status Not for loan Home library Current library Date acquired Total Checkouts Full call number Date last seen Price effective from Koha item type
    Dewey Decimal Classification Buone Condizioni Not For Loan PAULUS-BIBLIOTECA PAULUS-BIBLIOTECA 11/12/2012   P A6 11/12/2012 11/12/2012 LIBRO
CREDITS: SOCIETA' SAN PAOLO Via A.Severo, 58 - ROMA (RM) & PERIODICI SAN PAOLO SRL Via Giotto, 36 MILANO & CISF Via Giotto, 36 MILANO & EDIZIONI SAN PAOLO SRL,  Piazza Soncino, 5 CINISELLO BALSAMO (MI) -- ITALY